00744 a2200193 45000010006000000050017000060080041000230030015000640400040000790800077001192450061001960200022002572640032002793000018003115050062003290410008003911000057003998560094004564855920260407155750.0260407a2018 arg spa dAR-UNSa-BCEJYS aAR-UNSa-BCEJYSbspacAR-UNSa-BCEJYS a311.3xOrganización general de las estadisticas. Estadística oficial10a2017 Sinopsispestadìstica de la República Argentina a978-950-896-514-1 1aBuenos Aires :bINDECc2018 a99 p.c21 cm. a1. Territorio y población - 2. Sociedad - 3. Economía aspa1 aInstituto Nacional de Estadística y Censos (INDEC)41uhttps://www.biblioeco.unsa.edu.ar/pmb/images/libros/D00079yImagen de portadaqimage/jpeg